Compendio de la historia de los papas: 2000 años de historia de la iglesia
Salvato in:
| Autore principale: | |
|---|---|
| Natura: | Libro |
| Lingua: | spagnolo |
| Pubblicazione: |
Valencia
Edicep
2000
|
| Serie: | Compendios, 13
|
| Soggetti: | |
| Tags: |
Aggiungi Tag
Nessun Tag, puoi essere il primo ad aggiungerne!!
|
MARC
| LEADER | 00000nam a2200000 a 4500 | ||
|---|---|---|---|
| 001 | UCL3710 | ||
| 003 | CL-VaPUC | ||
| 008 | 031205e20000000SP |||||||||||||||||spa|d | ||
| 020 | |a 8470504576 | ||
| 082 | 0 | 4 | |a 270 |b SCH |2 21 |
| 100 | 0 | |a Schenk Sanchís, Juan E |e author |9 481099 | |
| 245 | 1 | 0 | |a Compendio de la historia de los papas: 2000 años de historia de la iglesia |
| 300 | |a 312 p | ||
| 942 | |c BK | ||
| 945 | |d 20031205 00:00:00 |a cmena | ||
| 260 | |a Valencia |b Edicep |c 2000 | ||
| 650 | 0 | |a Patrística |9 322007 | |
| 650 | 0 | |a Historia de la iglesia |9 257565 | |
| 583 | |a last modification |c 20031205 00:00:00 |k Rodrigo Vera | ||
| 490 | 0 | |a Compendios, 13 | |
| 999 | |c 306720 |d 306718 | ||
| 952 | |0 0 |1 0 |4 0 |6 270_000000000000000_SCH_2000 |7 0 |8 A |9 371966 |a BIBTEO |b BIBTEO |d 2019-11-21 |i 3971503 |o 270 SCH 2000 |p 3971503 |r 2025-01-17 |w 2019-11-21 |y BK |k ICR | ||